Roblox-Doors-The Modifiers-Languages Update - Statistics

General Stats
  • This quiz has been taken 32 times
  • The average score is 61 of 94
Answer Stats
Modifiers Knobs Description Tag Badge Mandatory % Correct
Bug Spray -10% Timothy is nowhere to be found :( -Entities -Timothy
95%
Chaos, Chaos +50% Activates 5 random modifiers. -General -Random Not Five Stars
95%
El Goblino's Payday +15% No gold can be found. -Gameplay-Gold Not Five Stars
89%
Key Key Key Key +15% Almost all rooms are locked. -Gameplay -Floor Not Five Stars
89%
Room For More? +20% All entities from The Rooms have a chance to attack. -General -The Rooms Back on Track
89%
Think Fast +5% Screech will attack more and give less time to react. -Entities -Screech
89%
Tripped +5% Enter with 50% health. It can be healed back. -Gameplay-Health
89%
Tripped and Fell +10% Enter with 10% health. It can be healed back. -Gameplay -Health
89%
Wet Floor +10% The floor is slippery. -Gameplay -Floor
89%
Bad Time +10% Most entities will attack more often. -Gameplay -Entities Spawning
84%
Battle of Witts +15% Dupe will almost always spawn and is set to maximum difficulty. -Entities -Dupe Outwitted
84%
Gone Fishing +5% Most glowing hints are disabled. -Gameplay -Guiding Light
84%
Good Time -50% Most entities will attack less often. -Gameplay -Entities Spawning
84%
Itchy +5% Timothy will attack more often. Its bite can be fatal. -Entities -Timothy
84%
Jammin' +15% Plays some music to soothe the nerves. All other audio is muffled. -Gameplay-Audio Not Five Stars
84%
Lights Out +25% All rooms will be completely dark. Have fun! -Gameplay -Lighting Not Five Stars
84%
Rush Hour +10% Rush will attack more often. -Entities -Rush
84%
Stop Right There +15% A-90 from The Rooms has a chance to attack. -General-The Rooms Back on Track
84%
Think Faster +10% Screech will attack much more and give even less time to react. -Entities -Screech I Hate You
84%
Bad Electrical Work +10% More rooms will be dark. Lights will occasionally flicker and break. -Gameplay -Lighting
79%
Bad Ventilation +10% Adds fog, significantly limiting vision. -Gameplay -Floor
79%
El Goblino Was Here +5% Less gold can be found. -Gameplay-Gold
79%
MAXIMUM OVERDRIVE -125% Movement speed is incredibly fast. -Gameplay -Movement Speed Hotel Hell
79%
Rent's Due +15% Hide will attack as fast as possible. -Entities -Hide
79%
Worst Time Ever +25% Entities will unfairly attack constantly. -Gameplay -Entities Spawning Hotel Hell
79%
Back For seconds +10% Ambush will attack more. -Entities -Ambush Unbound
74%
Electrical Work +10% Lights will never flicker or break. Includes entity warnings. -Gameplay-Lighting
74%
Four Eyes +20% Four sets of Eyes will always spawn. -Entities-Eyes Hotel Hell
74%
Hotel- -100% Play DOORS right before the HOTEL+ update. Data won't transfer. General Miscellaneous
74%
Less Stuff +5% Less items can be found. -Gameplay -Items
74%
More Stuff -50% More items can be found. -Gameplay-Items
74%
Soundproofing +5% Keys, books and other similar pickups no longer emit a shimmering noise. -Gameplay -Guiding Light
74%
Uh Oh +10% Activates one random modifiers. -General-Random
74%
Afterimage +10% Ambush will attack faster. -Entities -Ambush Unbound
68%
Always Watching +10% Eyes will always spawn. -Entities -Eyes You Can't See Me
68%
Chat Control -50% Let your YouTube and/or Twitch chat vote mess with your run & vote on wacky events! -General-Miscellaneous
68%
Faster, Faster, Faster -75% Movement speed is significantly faster. -Gameplay -Movement Speed Not Five Stars
68%
How Unfortunate +30% Activates 3 random modifiers. -General -Random
68%
I Love Pancakes!!! +15% There are too many Snares. Its attack can now be fatal. -Entities -Snare Hotel Hell
68%
I'm Everywhere +5% Screech can attack in any room. -Entities -Screech
68%
Locked and Loaded +10% Increases chance of locked rooms. Has a chance to lock normal rooms. -Gameplay -Floor
68%
Look, Man +10% The Lookman from The Backdoor has a chance to appear. -General -The Backdoor Other way Around
68%
Make Haste +25% The Backdoor's timer and levers will appear. Haste attacks if the timer hits 0. -General -The Backdoor Other way Around
68%
My Knees Are Killing Me +5% Crouching is significantly slower. -Gameplay -Movement Speed
68%
Nosey +5% Eyes will spawn more. -Entities -Eyes
68%
Trick or Treet -50% 2024 Halloween event. Find and eat Candy to get random effects! -General -Miscellaneous -Halloween2024
68%
Wear and Tear +5% Items have significantly less durability and/or uses. -Gameplay -Items
68%
Again & Again & Again & +25% Ambush will endlessly attack. -Entities -Ambush Hotel Hell
63%
Are Those Pancakes?! +10% Snare spawns in multiples throughout the floor. -Entities -Snare Not Five Stars
63%
Baby Hands +10% You can only hold one non-essential item. -Gameplay -Items
63%
Dealt it +25% Heavily increases chance for Firedamp. -Gameplay -Floor See You Soon
63%
El Goblino On Breack -50% More gold can be found. -Deleted-Gold
63%
Infested +5% Gloombats can be found (more, if in The Mines). -Entities -Gloombats
63%
Injuries +5% Missing health will also reduce speed. -Gameplay -Movement Speed
63%
Lights On -25% Less rooms will be dark. -Deleted -Lightning
63%
My Legs Are Killing Me +10% Movement speed is significantly slower. -Gameplay -Movement Speed
63%
Out of Stuff +15% Non-essential items and pickups cannot be found. -Gameplay -Items
63%
Super Hard Mode!!! -100% April Fools 2023 mode. Older build of the game. Data won't transfer. -General -Miscellaneous -Mode poisson d'avril 2023
63%
Watch Your Step! +5% Snare occasionally spawns throughout the floor. -Entities -Snare
63%
Wrong Number +5% Dupe will spawn more and increase in difficulty. -Entities -Dupe
63%
I'm Tip-Toein' Here +10% Rush will emit no sound. -Entities -Rush Stay Out Of My Way
58%
Last Few Breaths +10% Enter with 50% MAX health. -Gameplay -Health
58%
Nowhere To Hide +15% Rooms with hiding spots during entity encounters are no longer guaranteed. -Deleted-Descriptions only Not Five Stars
58%
Nowhere To Hide +10% Hiding spots are no longer guaranteed for everyone. -Gameplay -Hiding
58%
Really Bad Time +20% Most entities will attack much more often. -Gameplay -Entities Spawning Not Five Stars
58%
Roundabout +10% Halt is guaranteed to attack, and is significantly more difficult. -Deleted (Temporarily)
-Entities
-Halt
Two Steps Ahead
58%
Small Hands +5% You can only hold up to three non-essential items. -Gameplay -Items
58%
Voice Acting -20% Activates the April Fools 2024 voiceliness du Poisson d'Avril 2024 -General -Miscellaneous -Mode poisson d'avril 2024
58%
Blitz, Oh +5% All damage (except for non-fatal) results in an immediate death. -General -The Backdoor Other way Around
53%
Come Back Here +5% Eyes will teleport around the room. -Entities -Figure All Figured Out
53%
Custom Seed -999% Makes room generation & most events consistent. Updates/patches may cause changes -General -Miscellaneous
53%
Destiny Still Arrive +10% ??? -Entities -Dread It's Not My Time
53%
Haha +5% Giggles can be found (more, if in The Mines) -Entities -Giggles
53%
I'm Runnin' Here +10% Rush will move quicker -Entities -Rush
53%
It Can Run To +5% Eyes will teleport around the room. -Entities -Seek
53%
Laughing Stock +10% Giggles are everywhere. -Entities -Giggles Helping Hand
53%
Rush Around +5% Rush can attack from the door ahead, instead of the last door. -Entities-Rush See You Soon
53%
Seeing Double +15% Two sets of Eyes will always spawn. -Entities -Eyes Not Five Stars
53%
You Really Can Run +5% Seek's chase will be longer and start earlier. -Deleted -Entities -Seek Take a Breather
53%
Bug Problem +10% Gloombats spawn much more frequently. -Entities -Gloombats Bug Bomb
47%
Dripped Out +5% Giggles cannot be affected by light sources anymore. -Entities -Giggles Not Funny
47%
Every Angle +5% Eyes will teleport around the room. -Entities -Eyes
47%
Last Breaths +20% All damage (except for non-fatal) results in an immediate death. -Gameplay -Health Not Five Stars
47%
Power Shortage +15% Most rooms will be dark, even during attacks. Lights flicker and break. -Gameplay -Lighting
47%
Survive the Drakobloxxers -90% Retro Mode!!! -General
-Miscellaneous
-Mode poisson d'avril 2024
47%
Vacuum Sealed +10% Some doors will lead... nowhere (like in The Backdoor). -General -The Backdoor Other way Around
47%
A Few Places To Hide +5% Hiding spots are no longer guaranteed for everyone. -Deleted-Hiding
42%
New Roommate +5% Hide will reside in the last hiding spot you entered. -Entities -Hide
42%
No Laughing Matter +15% Giggles are everywhere. They don't laugh. -Entities -Giggles Not Funny
42%
Run From It +5% Dread spawns in earlier. -Entities -Dread Dead Of Night
37%
Pocket Change -N/A% Enter with 100 gold. -Scrapped-Gold
21%
Smel it +10% Increases chance for Firedamp. -Gameplay -Floor
21%
One For All -N/A% All items can be picked up by everyone. -Scrapped-Items
16%
Didn't Skip a Leg Day -50% Movement speed is faster. -Gameplay-Movement Speed
11%
No matching quizzes found
Score Distribution
Percent of People with Each Score
Percentile by Number Answered
Your Score History
You have not taken this quiz